Statistiken für Alle Minderheiten Polens

Klicken Sie hier um das Quiz zu spielen!

Allgemein

  • Dieses Quiz wurde 58 mal gespielt
  • Das Durchschnittsergebnis liegt bei 19 aus 25

Antwortstatistiken

BevölkerungLand% Korrekt
20,240Deutschland
98%
30,228Weißrussland
98%
12,607Russland
96%
2,302Tschechien
96%
256,821Ukraine
94%
5,540Frankreich
90%
2,357Litauen
90%
2,214Slowakei
90%
8,483Italien
88%
4,712Rumänien
84%
2,600USA
84%
5,873Spanien
82%
4,884Türkei
82%
5,343Bulgarien
80%
6,812China
78%
2,368Schweden
73%
6,527Vereinigtes Königreich
73%
10,218Indien
69%
2,388Niederlande
65%
10,551Vietnam
61%
3,990Moldawien
59%
3,101Armenien
39%
2,497Südkorea
39%
8,345Georgien
37%
2,287Nepal
10%

Verteilung der Resultate

Perzentil nach korrekt beantworteten Fragen

Anzahl Personen mit jedem Resultat

Ihre Resultats-Entwicklung

Sie haben dieses Quiz noch nicht gespielt